000 00360nam a2200145 i 4500
001 bg
100 1 _aCURZYTEK, Jan
245 0 _aPrzeładunki kontenerów :
_burządzenia, sprzęt i osprzęt /
_cJan Curzytek.
260 _aWarszawa,
_c1977.
040 _cBPK
041 _apol
080 _a658.7
942 _cKS
008 s pl f |000 0 pol
999 _c18952
_d18952
856 _uhttp://koha.tu.koszalin.pl/cgi-bin/koha/opac-detail.pl?biblionumber=18952
_yKatalog online BPK